Handbook of contraception and sexual health / (Record no. 6224)
[ view plain ]
| 000 -LEADER | |
|---|---|
| fixed length control field | 00994cam a22002898i 4500 |
| 005 - DATE AND TIME OF LATEST TRANSACTION | |
| control field | 20260629172351.0 |
| 008 - FIXED-LENGTH DATA ELEMENTS--GENERAL INFORMATION | |
| fixed length control field | 241217s2025 enk bf 001 0 eng |
| 020 ## - INTERNATIONAL STANDARD BOOK NUMBER | |
| International Standard Book Number | 9781032777054 |
| Qualifying information | (hardback) |
| 020 ## - INTERNATIONAL STANDARD BOOK NUMBER | |
| International Standard Book Number | 9781032777047 |
| Qualifying information | (paperback) |
| 020 ## - INTERNATIONAL STANDARD BOOK NUMBER | |
| Canceled/invalid ISBN | 9781003484424 |
| Qualifying information | (ebook) |
| 040 ## - CATALOGING SOURCE | |
| Original cataloging agency | KABLIB |
| Language of cataloging | eng |
| Description conventions | rda |
| Transcribing agency | KABLIB |
| 082 00 - DEWEY DECIMAL CLASSIFICATION NUMBER | |
| Classification number | 613.94 |
| Edition number | 23 |
| Item number | EVE |
| 100 1# - MAIN ENTRY--PERSONAL NAME | |
| Personal name | Everett, Suzanne, |
| Relator term | author. |
| 9 (RLIN) | 15830 |
| 245 10 - TITLE STATEMENT | |
| Title | Handbook of contraception and sexual health / |
| Statement of responsibility, etc. | Suzanne Everett. |
| 250 ## - EDITION STATEMENT | |
| Edition statement | 5th ed.. |
| 264 #1 - PRODUCTION, PUBLICATION, DISTRIBUTION, MANUFACTURE, AND COPYRIGHT NOTICE | |
| Place of production, publication, distribution, manufacture | Abingdon, Oxon ; |
| -- | New York, NY : |
| Name of producer, publisher, distributor, manufacturer | Routledge, |
| Date of production, publication, distribution, manufacture, or copyright notice | c2025. |
| 300 ## - PHYSICAL DESCRIPTION | |
| Extent | viii, 209 p. : |
| Other physical details | ill. ; |
| Dimensions | 22 cm. |
| 504 ## - BIBLIOGRAPHY, ETC. NOTE | |
| Bibliography, etc. note | Includes bibliographical references, index. |
| 650 12 - SUBJECT ADDED ENTRY--TOPICAL TERM | |
| Topical term or geographic name entry element | Contraception |
| General subdivision | methods |
| 9 (RLIN) | 15831 |
| 650 22 - SUBJECT ADDED ENTRY--TOPICAL TERM | |
| Topical term or geographic name entry element | Contraceptive Agents |
| 9 (RLIN) | 15832 |
| 650 22 - SUBJECT ADDED ENTRY--TOPICAL TERM | |
| Topical term or geographic name entry element | Contraceptive Devices |
| 9 (RLIN) | 15833 |
| 650 22 - SUBJECT ADDED ENTRY--TOPICAL TERM | |
| Topical term or geographic name entry element | Reproductive Health |
| 9 (RLIN) | 15834 |
| 650 22 - SUBJECT ADDED ENTRY--TOPICAL TERM | |
| Topical term or geographic name entry element | Sexually Transmitted Diseases |
| 9 (RLIN) | 15835 |
| 655 #2 - INDEX TERM--GENRE/FORM | |
| Genre/form data or focus term | Handbook |
| 9 (RLIN) | 13457 |
| 655 #2 - INDEX TERM--GENRE/FORM | |
| Genre/form data or focus term | Nurses Instruction |
| 9 (RLIN) | 15836 |
| 942 ## - ADDED ENTRY ELEMENTS (KOHA) | |
| Source of classification or shelving scheme | Dewey Decimal Classification |
| Koha item type | Book |
| Withdrawn status | Lost status | Source of classification or shelving scheme | Damaged status | Not for loan | Home library | Current library | Shelving location | Date acquired | Source of acquisition | Total Checkouts | Full call number | Barcode | Date last seen | Price effective from | Koha item type |
|---|---|---|---|---|---|---|---|---|---|---|---|---|---|---|---|
| Dewey Decimal Classification | School of Medicine Library | School of Medicine Library | Open Access Section | 29.06.2026 | Purchased | 613.94 EVE | 14865 | 29.06.2026 | 29.06.2026 | Book | |||||
| Dewey Decimal Classification | School of Medicine Library | School of Medicine Library | Open Access Section | 29.06.2026 | Purchased | 613.94 EVE | 14866 | 29.06.2026 | 29.06.2026 | Book | |||||
| Dewey Decimal Classification | School of Medicine Library | School of Medicine Library | Open Access Section | 29.06.2026 | Purchased | 613.94 EVE | 14867 | 29.06.2026 | 29.06.2026 | Book |